000 00593nam a2200169Ia 4500
008 090711s9999 xx 000 0 und d
082 _b27944
100 _aबोरकर लक्ष्मीदास
245 _aनिंबोणीSया झाडाखाली
260 _c1984
300 _a112
600 _aबोरकर लक्ष्मीदास
630 _aनिंबोणीSया झाडाखाली
700 _aबोरकर लक्ष्मीदास
730 _aनिंबोणीSया झाडाखाली
942 _cBOOK
999 _c291335
_d291335